Päijät-Hämeen kuntien vaakunat 2025 (keltainen laatikko) - Statistics

Yleistilastot
  • Tätä visaa on pelattu 107 kertaa
    104 viimeisimmän päivityksen jälkeen
  • Keskiarvotulos 9 / 10
Vastaustilastot
Kuvavisa Vastaus % Oikein
Orimattila
96%
Lahti
94%
Heinola
90%
Hollola
90%
Padasjoki
90%
Iitti
88%
Sysmä
88%
Asikkala
84%
Hartola
82%
Kärkölä
82%
Ehtoja vastaavia visoja ei löytynyt
Tulosjakauma
Jokaisen tuloksen saaneiden osuus
Persentiili vastausten määrän mukaan
Tuloshistoriasi
Et ole pelannut tätä visaa sen viimeisimmän päivityksen jälkeen